| 000 | 00715nam a2200229 4500 | ||
|---|---|---|---|
| 003 | OSt | ||
| 005 | 20240625020614.0 | ||
| 006 | a | ||
| 008 | 240625b |||||||| |||| 00| 0 eng d | ||
| 020 | _a9781133109945 | ||
| 040 |
_aDWCL-Main lib. _cOC |
||
| 082 |
_2Eighth, Intl. edition _aCirc. 547 In61 2013 |
||
| 110 | _aFrederick A. Bettelheim | ||
| 245 | _aIntroduction to organic and biochemistry / | ||
| 250 | _aEighth, Intl. edition | ||
| 260 |
_aUSA: _bBooks / Cole, Cengage Learning, _cc2013. |
||
| 300 |
_axxii, _b(various paging):col.ill.: _c28cm. |
||
| 504 | _aIncludes index. | ||
| 650 | _a1. Organic chemistry. | ||
| 650 | _a2. Biochemistry. | ||
| 942 |
_2ddc _n0 _cBK-CIRC _eEighth, Intl. edition _kCirc. |
||
| 999 |
_c1276 _d1276 |
||